Tratado de técnica ornamental / (Record no. 57282)

MARC details
000 -LEADER
campo de control de longitud fija 00672nam a2200205 i 4500
001 - NÚMERO DE CONTROL
campo de control 57282
003 - IDENTIFICADOR DE NÚMERO DE CONTROL
campo de control ES-MaACL
005 - FECHA Y HORA DE LA ÚLTIMA TRANSACCIÓN
campo de control 20250812082607.0
007 - CAMPO FIJO DE DESCRIPCIÓN FÍSICA--INFORMACIÓN GENERAL
campo de control de longitud fija t|
008 - DATOS DE LONGITUD FIJA--INFORMACIÓN GENERAL
campo de control de longitud fija 031015s1920 sp a |||| | spa d
100 1# - ENTRADA PRINCIPAL--NOMBRE DE PERSONA
Nombre de persona Domenech, Rafael.
9 (RLIN) 45083
245 10 - MENCIÓN DEL TÍTULO
Título Tratado de técnica ornamental /
Mención de responsabilidad, etc. por Rafael Doménech, Gregorio Muñoz Dueñas y Francisco Pérez Dolz.
260 ## - PUBLICACIÓN, DISTRIBUCIÓN, ETC.
Lugar de publicación, distribución, etc. Madrid :
Nombre del editor, distribuidor, etc. [s.n.,
Fecha de publicación, distribución, etc. 1920] (
Fabricante Angel Alcoy)
300 ## - DESCRIPCIÓN FÍSICA
Extensión 134 p. :
Otras características físicas il. ;
Dimensiones 25 cm.
650 #7 - PUNTO DE ACCESO ADICIONAL DE MATERIA--TÉRMINO DE MATERIA
Término de materia o nombre geográfico como elemento de entrada Artes decorativas
Fuente del encabezamiento o término embne
9 (RLIN) 135625
700 1# - ENTRADA AGREGADA--NOMBRE PERSONAL
Nombre de persona Muñoz Dueñas, Gregorio.
9 (RLIN) 84404
700 1# - ENTRADA AGREGADA--NOMBRE PERSONAL
Nombre de persona Pérez-Dolz, Francisco.
9 (RLIN) 90836
852 ## - LOCALIZACIÓN
Ubicación ES-MaACL
Número de control de estantería F-773
Holdings
Estatus retirado Estado de pérdida Estado de daño No para préstamo Biblioteca de origen Biblioteca actual Ubicación en estantería Fecha de adquisición Fuente de adquisición Total de préstamos Signatura topográfica completa Código de barras Visto por última vez Precio de reemplazo Tipo de ítem Koha
        Biblioteca del Ateneo de Madrid Biblioteca del Ateneo de Madrid Depósito 2 17/01/2008     F-773 1060143 23/02/2023 23/02/2023 Libro impreso